| 000 | 00554ata a2200217 4500 | ||
|---|---|---|---|
| 005 | 20160906181331.0 | ||
| 008 | 150518b xxu||||| |||| 00| 0 spa d | ||
| 041 | _aspa | ||
| 082 | _a324.272 86 A293d | ||
| 100 |
_aAguilar Bulgarelli, Oscar _93960 |
||
| 245 | _aDemocracia y partidos políticos en Costa Rica | ||
| 250 | _a2 edición | ||
| 260 | _aCosta Rica | ||
| 260 | _bEUNED | ||
| 260 | _c1989 | ||
| 300 | _a176 páginas | ||
| 650 |
_aCOSTA RICA _918883 |
||
| 650 |
_aPARTIDOS POLÍTICOS _918570 |
||
| 650 |
_aDEMOCRACIA _91100 |
||
| 942 | _cBK | ||
| 999 |
_c5582 _d5582 |
||